Statistiques concernant Acteurs de cinéma - Francais

Cliquez ici pour prendre le quiz!

Statistiques générales

  • Ce quiz a été pris 874 fois
    (855 depuis la dernière actualisation)
  • Le résultat moyen est 27 sur 61

Statistiques - réponses

Réponse% Correct
Jean Dujardin
98%
Omar Sy
97%
Pierre Niney
95%
Jonathan Cohen
87%
Kad Merad
85%
Francois Civil
83%
Vincent Cassel
82%
Danny Boon
81%
Christian Clavier
79%
Jean Reno
73%
Gilles Lellouche
72%
Guillaume Canet
71%
Alain Chabat
70%
Gerard Darmon
70%
Franck Dubosc
69%
Phillipe Lacheau
69%
Eric Judor
65%
Gérard Jugnot
62%
Thierry Lhermitte
60%
Tarek Boudali
56%
Romain Duris
52%
Edouard Baer
50%
José Garcia
50%
Ramzy Bedia
50%
Philippe Katerine
48%
Franck Gastambide
46%
Francois Cluzet
46%
Didier Bourdon
45%
Fabrice Luchini
45%
Pio Marmaï
45%
Gaspard Ulliel
42%
Raphaël Quenard
39%
Laurent Lafitte
38%
Benoît Magimel
36%
Michel Blanc
36%
Daniel Auteuil
35%
Jean-Paul Rouve
35%
Vincent Lacoste
34%
Pierre Richard
33%
Alexandre Astier
32%
Mathieu Kassovitz
32%
Clovis Cornillac
31%
Jean-Pierre Bacri
29%
Gérard Lanvin
28%
Fred Testot
26%
Louis Garrel
25%
André Dussolier
19%
Bruno Solo
18%
Guillaume Galienne
18%
Roschdy Zem
15%
Swann Arlaud
14%
Tahar Rahim
14%
Denis Podalydès
13%
Nils Schneider
13%
Francis Huster
10%
Mathieu Amalric
10%
Melvil Poupaud
10%
Richard Berry
10%
Alban Lenoir
9%
Samuel Le Bihan
7%
Samuel Labarthe
3%

Distribution des résultats

Percentile par nombre de réponses

% des personnes avec chaque résultat

Votre développement - résultats

Vous n’avez pas pris ce quiz depuis la dernière actualisation